More time on council tax appeals (Record no. 23949)

MARC details
000 -LEADER
fixed length control field 00904cab a2200253 4500
001 - CONTROL NUMBER
control field WB2945-46
008 - FIXED-LENGTH DATA ELEMENTS--GENERAL INFORMATION
fixed length control field 090401t1993 xxu||||| |||| 00| 0 eng d
035 ## - SYSTEM CONTROL NUMBER
System control number (Sirsi) u37009
041 ## - LANGUAGE CODE
Language code of text/sound track or separate title eng
245 ## - TITLE STATEMENT
Title More time on council tax appeals
260 ## - PUBLICATION, DISTRIBUTION, ETC.
Date of publication, distribution, etc. 1993
350 ## - PRICE (NR) (BK AM CF MU VM SE) [OBSOLETE]
Price 0
490 ## - SERIES STATEMENT
Series statement Times
Volume/sequential designation 27 November 1993, 26
490 ## - SERIES STATEMENT
Series statement Independent
Volume/sequential designation 27 November 1993, 50
490 ## - SERIES STATEMENT
Series statement Daily Telegraph
Volume/sequential designation 27 November 1993, B9(2)
520 ## - SUMMARY, ETC.
Summary, etc. Outlines circumstances under which appeals may be lodged against council tax assessment after 30 November 1993 deadline. For further details, see "Cutting your council tax - a guide to appeals" (Council Tax Legal Services £6.25) and "Council Tax Handbook" (Child Poverty Action Group).
650 ## - SUBJECT ADDED ENTRY--TOPICAL TERM
Topical term or geographic name entry element APPEALS
650 ## - SUBJECT ADDED ENTRY--TOPICAL TERM
Topical term or geographic name entry element BANDING
650 ## - SUBJECT ADDED ENTRY--TOPICAL TERM
Topical term or geographic name entry element BLIGHT
650 ## - SUBJECT ADDED ENTRY--TOPICAL TERM
Topical term or geographic name entry element COUNCIL TAX
690 ## - LOCAL SUBJECT ADDED ENTRY--TOPICAL TERM (OCLC, RLIN)
Topical term or geographic name as entry element RATING AND VALUATION
942 ## - ADDED ENTRY ELEMENTS (KOHA)
Suppress in OPAC 0
948 ## - LOCAL PROCESSING INFORMATION (OCLC); SERIES PART DESIGNATOR (RLIN)
c (OCLC) 04/03/1997
Holdings
Withdrawn status Lost status Source of classification or shelving scheme Damaged status Not for loan Home library Current library Shelving location Date acquired Total Checkouts Full call number Barcode Date last seen Copy number Price effective from Koha item type
    Dewey Decimal Classification     London London News article 14/09/1999   WB2945-46 37009-1001 06/08/2019 1 06/08/2019 News article